ბათუმის შოთა რუსთაველის სახელმწიფო უნივერსიტეტის ბიბლიოთეკა

მუტაციური ცვალებადობის თავისებურებანი ჩაის მცენარეში (კვლევის მეთოდებით) (ბიბ.ჩანაწერი № 51018)

000 -LEADER
fixed length control field 01142nam a2200265Ia 4500
001 - CONTROL NUMBER
control field 17975
003 - CONTROL NUMBER IDENTIFIER
control field GE_BSU
008 - FIXED-LENGTH DATA ELEMENTS--GENERAL INFORMATION
fixed length control field 181216s||||||||xx |||||||||||||| ||und||
020 ## - INTERNATIONAL STANDARD BOOK NUMBER
International Standard Book Number 9789941409813
040 ## - CATALOGING SOURCE
Transcribing agency GE_BSU
080 ## - UNIVERSAL DECIMAL CLASSIFICATION NUMBER
Universal Decimal Classification number 633.72:631.528
100 ## - MAIN ENTRY--PERSONAL NAME
Personal name ბარათაშვილი, დავით
245 ## - TITLE STATEMENT
Title მუტაციური ცვალებადობის თავისებურებანი ჩაის მცენარეში (კვლევის მეთოდებით)
245 ## - TITLE STATEMENT
Statement of responsibility, etc. რედ. ა. დიასამიძე
260 ## - PUBLICATION, DISTRIBUTION, ETC.
Place of publication, distribution, etc. ბათუმი
260 ## - PUBLICATION, DISTRIBUTION, ETC.
Name of publisher, distributor, etc. შოთა რუსთაველის სახ. უნ-ტი
260 ## - PUBLICATION, DISTRIBUTION, ETC.
Date of publication, distribution, etc. 2009
300 ## - PHYSICAL DESCRIPTION
Extent 244გვ.ცხრ.21სმ.
300 ## - PHYSICAL DESCRIPTION
Accompanying material ბიბლიოგრ.: გვ. 217-240
653 ## - INDEX TERM--UNCONTROLLED
Uncontrolled term მუტაციური ცვალებადობის თავისებურებანი ჩაის მცენარეში
653 ## - INDEX TERM--UNCONTROLLED
Uncontrolled term სოფლის მეურნეობა
653 ## - INDEX TERM--UNCONTROLLED
Uncontrolled term ჩაის მუტაცია;
942 ## - ADDED ENTRY ELEMENTS (KOHA)
Koha item type წიგნი
ეგზემპლარები
Withdrawn status Lost status Damaged status Not for loan Date acquired Barcode Date last seen Price effective from Koha item type
        2018-12-17 1952 2018-12-17 2018-12-17 წიგნი
        2018-12-17 1953 2018-12-17 2018-12-17 წიგნი
        2018-12-17 1954 2018-12-17 2018-12-17 წიგნი
        2018-12-17 1955 2018-12-17 2018-12-17 წიგნი